[Event "Santos Paulista Absoluto"]
[Site "Santos"]
[Date "2010.08.22"]
[Round "7"]
[White "Mareco, Sandro"]
[Black "Ponce, Elbert Gallo"]
[Result "1-0"]
[WhiteElo "2527"]
[BlackElo "2225"]
[PlyCount "63"]
[EventDate "2010.08.19"]
[EventType "swiss"]
[EventRounds "7"]
[EventCountry "BRA"]
[SourceTitle "CBM 138 Extra"]
[Source "ChessBase"]
[SourceDate "2010.10.29"]
[SourceVersion "1"]
[SourceVersionDate "2010.10.29"]
[SourceQuality "1"]

1. d4 e6 2. c4 Nf6 3. Nf3 b6 4. g3 Ba6 5. Qc2 c5 6. d5 exd5 7. cxd5 d6 8. Bg2 g6 9. 0-0 Bg7 10. Re1 0-0 11. e4 Ng4 12. Bf4 Ne5 13. Nxe5 Bxe5 14. Bxe5 dxe5 15. Qc3 Re8 16. Nd2 Nd7 17. Rad1 Nf8 18. f4 f6 19. fxe5 fxe5 20. Bf1 Bxf1 21. Rxf1 Nd7 22. Nf3 b5 23. Qe3 Nf6 24. d6 c4 25. Qc5 Nd7 26. Qd5+ Kh8 27. Kh1 Rb8 28. Qd2 Kg7 29. Ng5 Nf6 30. d7 Re7 31. Qd6 Rb6 32. Qxe7+ 1-0

[Event "Santos Paulista Absoluto"]
[Site "Santos"]
[Date "2010.08.22"]
[Round "6"]
[White "Ponce, Elbert Gallo"]
[Black "Mandetta, Joao Danilo"]
[Result "1/2-1/2"]
[WhiteElo "2225"]
[BlackElo "2057"]
[PlyCount "67"]
[EventDate "2010.08.19"]
[EventType "swiss"]
[EventRounds "7"]
[EventCountry "BRA"]
[SourceTitle "CBM 138 Extra"]
[Source "ChessBase"]
[SourceDate "2010.10.29"]
[SourceVersion "1"]
[SourceVersionDate "2010.10.29"]
[SourceQuality "1"]

1. g3 Nf6 2. Bg2 c5 3. Nf3 e6 4. 0-0 Be7 5. c4 0-0 6. Nc3 a6 7. e4 d6 8. d4 cxd4 9. Nxd4 Qc7 10. Qe2 Nc6 11. Nc2 b6 12. Rd1 Bb7 13. Ne3 Nd7 14. b3 Rfe8 15. Bb2 Rac8 16. Rac1 Qb8 17. h3 Ba8 18. Kh2 Na7 19. f4 Rc7 20. Rc2 b5 21. Rcd2 b4 22. Na4 Bf8 23. e5 dxe5 24. Rxd7 Rxd7 25. Rxd7 exf4 26. Bxa8 fxg3+ 27. Kg2 Qxa8+ 28. Qf3 Qxf3+ 29. Kxf3 Nc6 30. Kxg3 e5 31. Nb6 g6 32. Nbd5 Re6 33. Ng4 Kg7 34. Ne7 1/2-1/2

[Event "Santos Paulista Absoluto"]
[Site "Santos"]
[Date "2010.08.20"]
[Round "5"]
[White "Goncalves, Ivan Mesquita V"]
[Black "Ponce, Elbert Gallo"]
[Result "0-1"]
[WhiteElo "1904"]
[BlackElo "2225"]
[PlyCount "84"]
[EventDate "2010.08.19"]
[EventType "swiss"]
[EventRounds "7"]
[EventCountry "BRA"]
[SourceTitle "CBM 138 Extra"]
[Source "ChessBase"]
[SourceDate "2010.10.29"]
[SourceVersion "1"]
[SourceVersionDate "2010.10.29"]
[SourceQuality "1"]

1. d4 e6 2. c4 Nf6 3. Nf3 b6 4. g3 Ba6 5. b3 Bb4+ 6. Bd2 Be7 7. Bg2 c6 8. Bc3 d5 9. Ne5 Nfd7 10. Nxd7 Nxd7 11. Nd2 f5 12. 0-0 0-0 13. a4 Rb8 14. b4 Nf6 15. b5 Bb7 16. a5 cxb5 17. cxb5 Ne4 18. Qb3 Nxc3 19. Qxc3 Rc8 20. Qe3 bxa5 21. Qxe6+ Kh8 22. Nf3 Rf6 23. Qe3 Bb4 24. Ne5 Qe8 25. Rfc1 Qxb5 26. Rxc8+ Bxc8 27. Rc1 Be6 28. Rc6 Kg8 29. Qc1 Bf8 30. Rc7 Qxe2 31. Rxa7 Qb5 32. Ra8 Qb6 33. Qc5 Qb1+ 34. Bf1 f4 35. Qd6 Qxf1+ 36. Kxf1 Bh3+ 37. Ke2 Rxd6 38. gxf4 a4 39. Rxa4 Rd8 40. Ra5 Bd6 41. Ra6 Bf5 42. Ra5 g6 0-1

[Event "Santos op"]
[Site "Santos"]
[Date "2008.05.18"]
[Round "5"]
[White "Ponce, Elbert Gallo"]
[Black "Moreira, Ronaldo Alonso"]
[Result "1-0"]
[WhiteElo "2202"]
[BlackElo "1996"]
[PlyCount "76"]
[EventDate "2008.05.16"]
[EventType "swiss"]
[EventRounds "9"]
[EventCountry "BRA"]
[SourceTitle "CBM 124 Extra"]
[Source "ChessBase"]
[SourceDate "2008.07.03"]
[SourceVersion "1"]
[SourceVersionDate "2008.07.03"]
[SourceQuality "1"]

1. c4 d6 2. Nc3 e5 3. g3 g6 4. Bg2 Bg7 5. e3 Nf6 6. Nge2 0-0 7. 0-0 c6 8. d4 Qc7 9. b3 Nbd7 10. Bb2 Re8 11. Qc2 Nf8 12. Rfd1 Bf5 13. e4 Bc8 14. d5 c5 15. h3 h5 16. Bc1 Bd7 17. Be3 Rab8 18. Kh2 a6 19. a4 Kh7 20. Qd2 b5 21. axb5 axb5 22. Rdb1 Rb7 23. Ra2 Reb8 24. Rba1 bxc4 25. bxc4 Rb4 26. Qd3 R8b7 27. Bd2 Rb2 28. Ra6 Ng8 29. Nd1 R2b3 30. Nec3 Bh6 31. Be1 Rb8 32. Qc2 R3b4 33. Bf1 Ne7 34. R6a2 R4b7 35. Nb5 Bxb5 36. cxb5 Nd7 37. Nc3 Nc8 38. Be2 Qd8 1-0

[Event "Santos op"]
[Site "Santos"]
[Date "2008.05.16"]
[Round "3"]
[White "Ponce, Elbert Gallo"]
[Black "Calgado, Acyr Rogerio"]
[Result "1-0"]
[WhiteElo "2202"]
[BlackElo "2258"]
[PlyCount "85"]
[EventDate "2008.05.16"]
[EventType "swiss"]
[EventRounds "9"]
[EventCountry "BRA"]
[SourceTitle "CBM 124 Extra"]
[Source "ChessBase"]
[SourceDate "2008.07.03"]
[SourceVersion "1"]
[SourceVersionDate "2008.07.03"]
[SourceQuality "1"]

1. c4 e5 2. Nc3 Nc6 3. g3 g6 4. Bg2 Bg7 5. Rb1 a5 6. a3 d6 7. b4 axb4 8. axb4 Bf5 9. b5 Bxb1 10. bxc6 Bf5 11. cxb7 Ra1 12. e3 Ne7 13. Nge2 0-0 14. Qb3 c6 15. e4 Bg4 16. Na2 Qc7 17. Qb2 Rxa2 18. Qxa2 Qxb7 19. h3 Be6 20. 0-0 f5 21. exf5 gxf5 22. d3 Ng6 23. Qa4 d5 24. cxd5 cxd5 25. h4 Ra8 26. Qc2 Rc8 27. Qd2 Qb3 28. h5 Nf8 29. d4 Rc2 30. Qd1 Qc4 31. Re1 exd4 32. Nf4 Bf7 33. Bf1 Qa2 34. Nd3 Rc8 35. Bh3 Be6 36. Qf3 Rc3 37. h6 Bf6 38. Bxf5 Kf7 39. Qh5+ Ke7 40. Bxe6 Nxe6 41. Qf5 Qa6 42. Nf4 Rxc1 43. Nxd5+ 1-0